01059cam a2200265 a 4500999001500000001000500015003000900020005001700029008004100046020001500087040003800102082001900140100002100159245009900180250001200279260006100291300004600352490005000398500002000448650003600468650004300504942001200547952011700559952011700676 c5731d57314379BD-DhUAP20201220153607.0201220s19971994 abf b f000 0 eng  a1555426530 aBD-DhUAPcBD-DhUAPdBD-DhUAPbEng a650.13 HEY223 aHeyman, Richard. aWhy didn't you say that in the first place? :bhow to be understood at work /cRichard Heyman. a1st ed. aSan Francisco : bJossey-Bass, cc1994 [Reprinted 1997]. axix, 183 pages :billustrations ;c23 cm. aThe Jossey-Bass business & management series. aIncludes index. aCommunication in organizations. aCommunication in personnel management. 2ddccBK 00102ddc4070aUAPCLbUAPCLcGeneral Stacksd2020-12-20o650.13 HEYp3010004379r2020-12-20t1w2020-12-20yBK 00102ddc4070aUAPCLbUAPCLcGeneral Stacksd2021-01-31o650.13 HEYp3010004404r2021-01-31t2w2021-01-31yBK